| 000 | 00448nam a2200157Ia 4500 | ||
|---|---|---|---|
| 008 | 250611s9999 xx 000 0 und d | ||
| 020 | _a9780003700855 | ||
| 082 | _a428.6 STE | ||
| 100 | _aStevenson, R. L. | ||
| 245 | 0 |
_aDr. Jekyll and Mr. Hyde: _bLevel 4 |
|
| 260 |
_aGreat Britain: _bCollins English Library, _c1978 |
||
| 300 |
_a64p. _b:includes illustrations |
||
| 490 | _aCollins English Library | ||
| 600 | _aEnglish Language | ||
| 942 | _cGB | ||
| 999 |
_c31466 _d31466 |
||